000
00256cam a2200097ua 4500
082
_a
016.6145999
_b
WOR/BI
245
_a
Bibliography on the Epidemiology of Cancer
260
_a
Geneva :
_b
World Health Organisation ,
_c
1963.
300
_a
168 ; .
942
_c
REF
999
_c
8903
_d
8903